Crisis PRD : (Registro nro. 15437)

Detalles MARC
000 -CABECERA
campo de control de longitud fija 02461nam a2200385 a 4500
001 - NÚMERO DE CONTROL
campo de control 000044928
003 - IDENTIFICADOR DEL NÚMERO DE CONTROL
campo de control DO-SdBPM
005 - FECHA Y HORA DE LA ÚLTIMA TRANSACCIÓN
campo de control 20251014120609.0
007 - CAMPO FIJO DE DESCRIPCIÓN FÍSICA--INFORMACIÓN GENERAL
campo de control de longitud fija ta
008 - DATOS DE LONGITUD FIJA--INFORMACIÓN GENERAL
campo de control de longitud fija 150119s2014 dr ac 000 0 spa d
020 ## - NÚMERO INTERNACIONAL ESTÁNDAR DEL LIBRO
Número Internacional Estándar del Libro 9789945498110
040 ## - FUENTE DE LA CATALOGACIÓN
Centro catalogador/agencia de origen DO-SdBPM
Lengua de catalogación spa
Centro/agencia transcriptor BPMSU
Centro/agencia modificador rda
082 #4 - NÚMERO DE LA CLASIFICACIÓN DECIMAL DEWEY
Número de clasificación 324.27293
Número de documento/Ítem H565c 2014
Número de edición 22
100 1# - ENTRADA PRINCIPAL--NOMBRE DE PERSONA
Nombre de persona Herrera Catalino, Fausto
Término indicativo de función/relación autor
245 10 - MENCIÓN DE TÍTULO
Título Crisis PRD :
Resto del título un desafío a la democracia /
Mención de responsabilidad, etc. Fausto Herrera Catalino ; presentación Tirso Mejía Ricart ; prólogo Miguel Ángel Martínez.
250 ## - MENCIÓN DE EDICIÓN
Mención de edición 2a ed.
264 ## - PRODUCCIÓN, PUBLICACIÓN, DISTRIBUCIÓN, FABRICACIÓN Y COPYRIGHT
Producción, publicación, distribución, fabricación y copyright Santo Domingo :
Nombre del de productor, editor, distribuidor, fabricante Universitaria, UASD,
Fecha de producción, publicación, distribución, fabricación o copyright 2014.
300 ## - DESCRIPCIÓN FÍSICA
Extensión 255 páginas :
Otras características físicas ilustración, retrato
Dimensiones 22 cm.
336 ## - TIPO DE CONTENIDO
Término de tipo de contenido texto
Código de tipo de contenido txt
Fuente rdacontent
337 ## - TIPO DE MEDIO
Nombre/término del tipo de medio sin mediación
Código del tipo de medio n
Fuente rdamedia
338 ## - TIPO DE SOPORTE
Nombre/término del tipo de soporte volumen
Código del tipo de soporte nc
Fuente rdacarrier
500 ## - NOTA GENERAL
Nota general Incluye referencias bibliográficas y notas al pie de las páginas
500 ## - NOTA GENERAL
Nota general Incluye datos biográficos del autor en las solapas
500 ## - NOTA GENERAL
Nota general Incluye índice onomástico
504 ## - NOTA DE BIBLIOGRAFÍA, ETC.
Nota de bibliografía, etc. Bibliografía : páginas 248-252
505 0# - NOTA DE CONTENIDO CON FORMATO
Nota de contenido con formato Recuperando a: José del Carmen Rodríguez Gutiérrez, 9 -- ¿Cuál es el mensaje de este libro?,13 -- Reglas claras y arbitraje responsable, 19 --- La hora del respeto, la coherencia y la decencia, 23 -- Una apuesta por la esperanza, 27 -- Capítulo 1. el PRD ayer, hoy, siempre, 33 -- Capítulo2. La soberanía de la militancia, 53-69 -- Capítulo 3. Vigencia política del legado de Peña Gómez,71-79 -- Capítulo 4. El foro renovador: historia, crecimiento y metas, 83-113 -- Capítulo 5. Lucha por la asamblea constituyente, 125-139 -- -- Capítulo 6. Discursos políticos, 141 -- Capítulo 7. Sin alternativa no hay democracia, 149 -- Epílogo, 159 -- Colofón el 2016: cómo los desafíos del futuro cambiarán al PRD, 63 -- Apéndices, 171 | Propuestas al CEN y a la militancia del PRD, 187 | Sentencias del tribunal Superior Electoral relativas a litigios del PRD, 189 -- Notas, 213 -- Perfil de colaboradores, 213 -- Homenajeados, 221 -- Cronología, 224 -- Acontecimientos del 2013 e inicio 2014,
590 ## - NOTA LOCAL (RLIN)
Nota local Inventariado, 2025/VM
650 #7 - PUNTO DE ACCESO ADICIONAL DE MATERIA--TÉRMINO DE MATERIA
Término de materia o nombre geográfico como elemento de entrada Partido Revolucionario Dominicano (PRD)
650 #7 - PUNTO DE ACCESO ADICIONAL DE MATERIA--TÉRMINO DE MATERIA
Término de materia o nombre geográfico como elemento de entrada Partidos políticos
Subdivisión geográfica República Dominicana
700 1# - PUNTO DE ACCESO ADICIONAL--NOMBRE DE PERSONA
Nombre de persona Martínez, Miguel Ángel,
Término indicativo de función/relación prólogo
700 1# - PUNTO DE ACCESO ADICIONAL--NOMBRE DE PERSONA
Nombre de persona Mejía-Ricart G., Tirso,
Fechas asociadas al nombre 1936-2021
Término indicativo de función/relación prestación
710 1# - PUNTO DE ACCESO ADICIONAL--NOMBRE DE ENTIDAD CORPORATIVA
Nombre de entidad corporativa o nombre de jurisdicción como elemento de entrada Universidad Autónoma de Santo Domingo
910 ## - DATOS DE OPCIÓN DEL USUARIO (OCLC)
Datos de opción del usuario VMateo V. Control de calidad. BPMSU
942 ## - ELEMENTOS DE PUNTO DE ACCESO ADICIONAL (KOHA)
Fuente del sistema de clasificación o colocación Dewey Decimal Classification
Tipo de ítem Koha Libros
Existencias
Estado de retiro Estado de pérdida Fuente del sistema de clasificación o colocación No para préstamo Código de colección Localización permanente Ubicación/localización actual Fecha de adquisición Total de préstamos Signatura topográfica completa Código de barras Fecha visto por última vez Precio válido a partir de Tipo de ítem Koha
    Dewey Decimal Classification   Colección Dominicana Biblioteca Pública Metropolitana Salomé Ureña Biblioteca Pública Metropolitana Salomé Ureña 10/14/2025   BPMSU CD 324.27293 H565c 2014 BPMSU25100034 10/14/2025 10/14/2025 Libros